| 000 | 00479cam a2200193ua 4500 | ||
|---|---|---|---|
| 001 | 6073 | ||
| 008 | 131122n ii |||frmmmmZ001|0|asm | ||
| 040 | _cMAIN | ||
| 082 | _a944.04 | ||
| 245 |
_aFarasi Biplob _cBy Dhrubajyoti Borah |
||
| 250 | _a2nd. | ||
| 260 |
_aCalcutta: _bShreebhumi Publishing Company, _c1986. |
||
| 300 | _ax,148p. | ||
| 653 | _aHistory | ||
| 653 | _aFarasi Biplob | ||
| 653 | _aFrench revolution | ||
| 700 |
_aBorah,Dhrubajyoti, _eAuthor., |
||
| 942 | _cBK | ||
| 999 |
_c5226 _d5226 |
||